Eve [Large Print] : a novel of the first woman / ... Read More
Available copies
- 1 of 1 copy available at LARL/NWRL Consortium.
Current holds
0 current holds with 1 total copy.
View other formats and editions
Show Only Available Copies
| Location | Call Number / Copy Notes | Barcode | Shelving Location | Status | Due Date |
|---|---|---|---|---|---|
| Fosston Public Library | LARGE PRINT ELL (Text) | 33500010106938 | Main | Available | - |
Record details
- ISBN: 9781410416056 (lg. print : alk. paper)
- ISBN: 1410416054 (lg. print : alk. paper)
- Physical Description: 725 p. (large print) ; 23 cm.
- Publisher: Waterville, Me. : Thorndike Press, 2009.
Content descriptions
| Summary, etc.: | In their world they are alone, a family haunted by ... Read More |
Search for related items by subject
| Subject: | Eve (Biblical figure) > Fiction. Women in the Bible > Fiction. |
| Genre: | Religious fiction. Biographical fiction. Large type books. |
| LDR | 02070cam a22003258a 4500 | ||
|---|---|---|---|
| 001 | 107220 | ||
| 003 | LARL_NWRL_CONSORTIUM | ||
| 005 | 20090724124101.0 | ||
| 008 | 090206r20092009meu d 000 f eng | ||
| 010 | . | ‡a2009005082 | |
| 020 | . | ‡a9781410416056 (lg. print : alk. paper) | |
| 020 | . | ‡a1410416054 (lg. print : alk. paper) | |
| 035 | . | ‡a(OCoLC)302189342 | |
| 040 | . | ‡aDLC ‡cDLC ‡dBTCTA ‡dJED ‡dB2A ‡dGO3 ‡dWIM ‡dIK2 ‡dLCS | |
| 082 | 0 | 0. | ‡a813/.6 ‡222 |
| 100 | 1 | . | ‡aElliott, Elissa. ‡0(LARL_NWRL_CONSORTIUM)199352 |
| 245 | 1 | 0. | ‡aEve ‡h[Large Print] : ‡ba novel of the first woman / ‡cElissa Elliott. |
| 260 | . | ‡aWaterville, Me. : ‡bThorndike Press, ‡c2009. | |
| 300 | . | ‡a725 p. (large print) ; ‡c23 cm. | |
| 520 | . | ‡aIn their world they are alone, a family haunted by banishment, struggling for survival in a harsh new land. A woman who has borne and buried children, Eve sees danger shadowing those she loves, while her husband drifts further and further from the man he was in the Garden, blinded by his need to rebuild a life outside of Eden. One daughter, alluring, self-absorbed Naava, turns away from their beliefs. Another, crippled, ever-faithful Aya, harbors a fateful secret, while brothers Cain and Abel become adversaries, and Dara, the youngest, is chosen for a fate of her own. In one hot, violent summer, by the shores of the muddy Euphrates, strangers arrive on their land. New gods challenge their own. And for Eve, a time of reckoning is at hand. The woman who once tasted the forbidden fruit of paradise sees her family unraveling as brother turns on brother, culminating in a confrontation that will have far-reaching consequences for them all. | |
| 600 | 0 | 0. | ‡aEve ‡c(Biblical figure) ‡vFiction. |
| 650 | 0. | ‡aWomen in the Bible ‡vFiction. ‡0(LARL_NWRL_CONSORTIUM)168071 | |
| 655 | 0. | ‡aReligious fiction. | |
| 655 | 7. | ‡aBiographical fiction. ‡2gsafd | |
| 655 | 0. | ‡aLarge type books. | |
| 901 | . | ‡a107220 ‡bOCLC ‡c107220 ‡tbiblio | |

Add to basket
Permalink
Disable Highlighting